000 00616nam a2200181Ia 4500
005 20250326124508.0
008 250326s9999 xx 000 0 und d
037 _aTextbook
040 _aFMSL
_beng
_cFMSL
041 _aeng
_2eng
084 _aX:8x K8;23
_qFMSL
100 _aDasgupta A
245 0 _aSome management skills
_cDasgupta A
260 _aDelhi Department Of Business Management And Industrial Administration
_bDelhi Department Of Business Management And Industrial Administration, University Of Delhi
_c1968
300 _a180p
942 _cTB
_hX:8x K8;23
999 _c1273943
_d1273943